Library Banner

Energy use (Record no. 53905)

MARC details
000 -LEADER
fixed length control field 00524nam a2200193Ia 4500
001 - CONTROL NUMBER
control field 56592
008 - FIXED-LENGTH DATA ELEMENTS--GENERAL INFORMATION
fixed length control field 140506s9999 xx 000 0 und d
020 ## - INTERNATIONAL STANDARD BOOK NUMBER
International Standard Book Number 0716716216
040 ## - CATALOGING SOURCE
Transcribing agency PK-LaUMT
082 ## - DEWEY DECIMAL CLASSIFICATION NUMBER
Classification number MAL 333.790973
Item number ENE-
100 ## - MAIN ENTRY--PERSONAL NAME
Personal name Aronson, Elliot.
245 ## - TITLE STATEMENT
Title Energy use
Remainder of title the human dimension
Statement of responsibility, etc Aronson, Elliot.<>Stern, Paul C.
260 ## - PUBLICATION, DISTRIBUTION, ETC. (IMPRINT)
Place of publication, distribution, etc New York,USA:
Name of publisher, distributor, etc W. H. Freeman and Company,
Date of publication, distribution, etc 1984
300 ## - PHYSICAL DESCRIPTION
Extent 237 p.
546 ## - LANGUAGE NOTE
Language note EN
650 ## - SUBJECT ADDED ENTRY--TOPICAL TERM
Topical term or geographic name as entry element Energy consumption-US
700 ## - ADDED ENTRY--PERSONAL NAME
Personal name Stern, Paul C.
942 ## - ADDED ENTRY ELEMENTS (KOHA)
Koha item type Books
Holdings
Withdrawn status Lost status Damaged status Not for loan Home library Current library Date acquired Total Checkouts Full call number Barcode Date last seen Price effective from Koha item type
        UMT Main Campus UMT Main Campus 2014-05-06   MAL 333.790973 ENE- 75147 2014-05-08 2014-05-08 Books